Tell this in my memory : stories of enslavement from Egypt, Sudan, and the Ottoman Empire /

محفوظ في:

المؤلف الرئيسي: Powell, Eve Troutt (مؤلف)

التنسيق: كتاب

اللغة: English

منشور في: Cairo : The American University in Cairo Press, 2013.

الطبعة: Paperback edition.

الموضوعات:

الوسوم: إضافة وسم

لا توجد وسوم, كن أول من يضع وسما على هذه التسجيلة!

رقم الطلب: HT1371 .P69

LEADER 01301nam a22003257a 4500
003 OSt
005 20250827100006.0
008 270303r20132012ua ab g b 001 0 eng d
010 |a 2012019391 
020 |a 9789774166228 
040 |c ARCE Library 
043 |a f-ua---  |a f-sj---  |a a-tu--- 
050 4 |a HT1371   |b .P69 
100 1 |a Powell, Eve Troutt,  |e author 
245 1 0 |a Tell this in my memory :   |b stories of enslavement from Egypt, Sudan, and the Ottoman Empire /   |c Eve M. Troutt Powell. 
246 3 0 |a Stories of enslavement from Egypt, Sudan, and the Ottoman Empire. 
250 |a Paperback edition. 
264 1 |a Cairo :   |b The American University in Cairo Press,   |c 2013. 
300 |a 246 pages :   |b illustrations (black and white), maps (black and white) ;   |c 24 cm. 
500 |a Originally published: Stanford: Stanford University Press, 2012. 
504 |a Includes bibliographical references and index. 
650 0 |a Slavery  |z Egypt  |x History  |y 19th century. 
650 0 |a Slavery  |z Sudan  |x History  |y 19th century. 
650 0 |a Slavery  |z Turkey  |x History  |y 19th century. 
650 0 |a Slaves  |z Egypt  |x History  |y 19th century. 
650 0 |a Slaves  |z Sudan  |x History  |y 19th century. 
650 0 |a Slaves  |z Turkey  |x History  |y 19th century. 
901 |a reviewed 
942 |c BK  |2 lcc 
999 |c 22117  |d 22117